Państwa po zestawie LEGO #2 - Statystyki

Ogólne statystyki
  • Ten quiz został rozwiązany 54 razy
  • Średni wynik to 8 z 12
Statystyki odpowiedzi
Obrazkowy Odpowiedź % Poprawnych
Indie
92%
Stany Zjednoczone
90%
Chiny
85%
Niemcy
77%
Francja
75%
Zjednoczone Emiraty Arabskie
71%
Wielka Brytania
69%
Finlandia
67%
Australia
63%
Japonia
60%
Włochy
48%
Dania
46%
Nie znaleziono quizów pasujących do podanych kryteriów
Rozkład punktacji
Procent ludzi z każdym wynikiem
Percentyl według liczby udzielonych odpowiedzi
Twoja historia wyników
Nie rozwiązałeś tego quizu